[Event "Hessen-ch Seniors op 05th"]
[Site "Bad Sooden-Allendorf"]
[Date "2009.04.29"]
[Round "5"]
[White "Strozewski, Guenter"]
[Black "Grcic, Milanko"]
[Result "1-0"]
[WhiteElo "1687"]
[BlackElo "1770"]
[PlyCount "52"]
[EventDate "2009.04.25"]
[EventType "swiss"]
[EventRounds "9"]
[EventCountry "GER"]
[SourceTitle "EXT 2022"]
[Source "ChessBase"]
[SourceDate "2021.10.06"]
[SourceVersion "1"]
[SourceVersionDate "2021.10.06"]
[SourceQuality "1"]

1. e4 e5 2. Nf3 Nc6 3. Bc4 Nd4 4. c3 Nxf3+ 5. Qxf3 Nf6 6. d4 d6 7. 0-0 Be7 8. dxe5 dxe5 9. Qg3 Ng4 10. h3 Nf6 11. Qxg7 Rf8 12. Bh6 Bxh3 13. gxh3 Rg8 14. Bxf7+ Kd7 15. Bxg8 Qxg8 16. Qxg8 Rxg8+ 17. Kh2 Nxe4 18. Nd2 Nf6 19. Rg1 Rd8 20. Nc4 Ke6 21. Rae1 e4 22. Bg5 b5 23. Bxf6 Bxf6 24. Na5 Rd3 25. Rxe4+ Kf5 26. Re2 Rf3 1-0

[Event "Wesel Undeloh op"]
[Site "Wesel Undeloh"]
[Date "2005.??.??"]
[Round "2"]
[White "Ehrlich, Hans Georg"]
[Black "Grcic, Milanko"]
[Result "1/2-1/2"]
[WhiteElo "1907"]
[BlackElo "1748"]
[PlyCount "43"]
[EventDate "2005.04.14"]
[EventType "swiss"]
[EventRounds "7"]
[EventCountry "GER"]
[SourceTitle "EXT 2007"]
[Source "ChessBase"]
[SourceDate "2006.11.23"]
[SourceVersion "1"]
[SourceVersionDate "2006.11.23"]
[SourceQuality "1"]

1. b4 g6 2. Bb2 Nf6 3. Nf3 Bg7 4. e3 d6 5. d4 c6 6. c4 0-0 7. Be2 Bg4 8. Nbd2 Nbd7 9. h3 Bxf3 10. Nxf3 Re8 11. 0-0 Qc7 12. Qb3 e5 13. c5 exd4 14. cxd6 Qxd6 15. Bxd4 Nf8 16. Ng5 Qd5 17. Qxd5 Nxd5 18. Bxg7 Kxg7 19. a3 h6 20. Nf3 Ne6 21. Rac1 Rad8 22. Rc2 1/2-1/2